000 00637nam a2200241Ia 4500
003 0100
008 130303s9999 xx 000 0 und d
020 _a1898723605
040 _cARRUPELIB
050 _aBL1153.5.F681997
100 _aFowler, Jeaneane D
245 _aHinduism
245 _bbeliefs and practices
260 _aBrighton
260 _bSussex Academic Press
260 _C1997
300 _axii
300 _b 162 p.22 cm
440 _aThe Sussex library of religious beliefs and practies
650 _bReformation--Bibliography Counter-Reformation--Bibliography
700 _aJeaneane Fowler
942 0 0 _07
999 _c7621
_d7621